| 000 | 003370000a22000970004500 | ||
|---|---|---|---|
| 100 | 1 | _aFondren, Judy | |
| 245 | 1 | 0 | _aModel in the making : LAM's for christ for the city and Viva Network USA join forces to reach Miami's children |
| 300 | _aVol. 79, Num. 1 (Enero-Marzo, 1999), Página 21 | ||
| 773 | 0 | _tLatin America Evangelist | |
| 942 | _cANA | ||
| 999 |
_c55179 _d55179 |
||